000
00276nam a2200085Ia 4500
245
0
_a
101 ways you can help save the planet before you're 12!
100
_a
O'SULLIVAN, Joanne New York, [c.2009] 1st ed
_9
91016
942
_c
BK
008
210825s9999 xx 000 0 und d
999
_c
558091
_d
558090